000 00632nam a2200205 a 4500
005 20241109063727.0
008 040216s2003 es r 000 0 spa d
020 _a8427714122
035 _aUPN01000131920
049 _aCG
050 4 _aLC1099
_bR4.3
245 0 0 _aRecursos para una educación global :
_b¿es posible otro mundo? /
_ccoord. Carmen Llopis.
260 _aMadrid :
_bNarcea,
_bFundación Intered,
_c2003.
300 _a204 p.
440 0 _aEducación hoy.
_pEstudios
650 4 _aEducación intercultural
_94812
650 4 _aDerechos humanos
_95797
700 1 _aLlopis, Carmen,
_ecoord.
_929043
905 _aLibro
999 _c104075
_d104075